000 00643nam a22002297a 4500
003 UA-OsUOA
001 88681
007 ta
008 20121011b un ||||| |||| 00| 0 ukr d
100 _aКотляревський І.П.
090 _a821.161.2
_bК73
942 _cBK
040 _aUA-OsUOA
_bukr
_cUA-OsUOA
_dUA-OsUOA
245 _aТвори
300 _a313 с.
955 _a3
041 _aukr
080 _a821.161.2
260 _aК.
_bДержавне видавництво художньої літератури
_c1963
650 7 _a82 Література. Літературознавство
_2UDC
999 _c374994
_d374994